Tilastot visalle Planeetat

Klikkaa tästä pelataksesi tätä visaa!

Yleistilastot

  • Tätä visaa on pelattu 11 918 kertaa
  • Keskiarvotulos 7 / 8

Vastaustilastot

Planeetta% Oikein
Maa
98%
Mars
97%
Saturnus
92%
Jupiter
91%
Venus
90%
Uranus
89%
Neptunus
84%
Merkurius
81%

Tulosjakauma

Persentiili vastausten määrän mukaan

Jokaisen tuloksen saaneiden osuus

Tuloshistoriasi

Et ole pelannut tätä visaa